00657nam a2200205Ia 4500008004100000082001200041082001300053100002400066245004000090260003700130260000700167300000800174600002400182630004000206700002400246730004000270942000900310999002100319952011100340151121s9999||||xx |||||||||||||| ||und|| a824/PAN bHNW-2795 aPanikkar K। M। aFuture of India and South East Asia bAllied Publishers Ltd। Bombay c-- a116 aPanikkar K। M। aFuture of India and South East Asia aPanikkar K। M। aFuture of India and South East Asia cBOOK c1211609d1211606 00104070aHNWbHNWd2015-11-21g3.00l0oHNW-2795pHNW-2795r2015-11-21 00:00:00v3.00w2015-11-21yBOOK